XG - WOKE UP (lyrics quiz) - part 1 - Statistics

General Stats
  • This quiz has been taken 10 times
  • The average score is 175 of 472
Answer Stats
Member singing/rapping (verse/chorus) Lyrics % Correct
I
83%
up,
83%
up
83%
a
67%
MAYA (verse 4) A
67%
do
67%
don't
67%
Look
67%
lookin'
67%
my
67%
so
67%
So
67%
the
67%
under
67%
HINATA (chorus) | MAYA (verse 8) Woke
67%
an
50%
and
50%
And
50%
at
50%
been
50%
catch
50%
JURIN (verse 1) Yeah
50%
'em
50%
get
50%
here
50%
how
50%
in
50%
it
50%
it?
50%
like
50%
skin
50%
take
50%
this
50%
This
50%
Tryna
50%
wanna
50%
we
50%
We
50%
JURIA (verse 7) Yah
50%
yeah
50%
"Yo,
50%
you
50%
You
50%
all
33%
All
33%
another
33%
baby,
33%
bed
33%
broke
33%
burnin'
33%
can
33%
coupe
33%
I've
33%
down
33%
CHISA (verse 3) Drop
33%
fire
33%
fit
33%
go
33%
hair
33%
hear
33%
honorary
33%
hop
33%
I'm
33%
is
33%
it's
33%
judge
33%
jury,
33%
just
33%
learn
33%
leavin'
33%
Left
33%
left
33%
little
33%
COCONA (verse 5) Little
33%
made
33%
Made
33%
make
33%
Make
33%
make-up
33%
more
33%
name
33%
names
33%
now
33%
now,
33%
of
33%
on
33%
On
33%
one
33%
or
33%
ordinary,
33%
out
33%
outside
33%
panic,
33%
place
33%
plane
33%
planet
33%
right
33%
Right
33%
say
33%
smell
33%
Spell
33%
statement
33%
tell
33%
than
33%
they
33%
tires
33%
to
33%
turnin'
33%
Underestimated,
33%
waiting
33%
watch
33%
Watch
33%
way
33%
when
33%
When
33%
X,
33%
XG,
33%
JURIN (verse 6) 48
17%
'64
17%
addy,
17%
Are
17%
around
17%
automated,
17%
away,
17%
away
17%
big
17%
Big
17%
bounce
17%
Bound
17%
bound
17%
bow
17%
Bring
17%
built
17%
bus
17%
buss
17%
but
17%
Bye-
17%
bye-
17%
bye,
17%
catchin'
17%
'Cause
17%
'cause
17%
custom
17%
Den
17%
drift
17%
easy
17%
entertainment,
17%
Everything
17%
JURIA and HINATA everything,
17%
everywhere
17%
fam'
17%
fans
17%
fascinated
17%
fearin',
17%
Find
17%
Fix
17%
fix
17%
flex
17%
flip
17%
flow
17%
fly
17%
flying
17%
for
17%
fun
17%
girl
17%
graffiti
17%
great
17%
group
17%
had
17%
hard
17%
haters,
17%
hey
17%
hilarious
17%
hit
17%
house,
17%
hurt,
17%
I'll
17%
into
17%
intro
17%
keep
17%
kid
17%
kids
17%
kin,
17%
know
17%
laughing
17%
Laws
17%
Light
17%
low
17%
me
17%
merrier"
17%
mhm
17%
mother,
17%
mother
17%
motivator
17%
motor
17%
Motorola
17%
mouth,
17%
next
17%
once
17%
outer-
17%
outta
17%
past
17%
perfect
17%
phone,
17%
pin
17%
Power
17%
push
17%
Put
17%
rappin'
17%
ride
17%
rip
17%
Rip
17%
rushin'
17%
Security
17%
ship
17%
show
17%
skirt
17%
Small
17%
snap
17%
space
17%
stand
17%
stop,
17%
super-
17%
superstitions
17%
Surf
17%
Tag
17%
talk
17%
tall
17%
That
17%
that
17%
that's
17%
Then
17%
tho?
17%
though,
17%
though
17%
thought
17%
time,
17%
Tokyo,
17%
Told
17%
top
17%
tore
17%
tour
17%
uh
17%
us
17%
visioned
17%
walked
17%
wave,
17%
Went
17%
where
17%
with
17%
wolf
17%
work
17%
Work,
17%
work,
17%
world
17%
wrist
17%
XGALX
17%
Y'all
17%
No matching quizzes found
Score Distribution
Percent of People with Each Score
Percentile by Number Answered
Your Score History
You have not taken this quiz